Súkromné právo recenzovaný dvojmesačník
Informácie z oblasti občianského, obchodného, medzinárodného, súkromného, pracovného práva a práva duševného vlastníctva pre právnickú verejnosť, príslušné orgány štátnej správy, akademikov, ako aj pre podnikateľskú verejnosť.
Saved in:
| Format: | Serial |
|---|---|
| Language: | Slovak |
| Published: |
Bratislava
Wolters Kluwer SR
|
| Subjects: | |
| Tags: |
No Tags, Be the first to tag this record!
|
MARC
| LEADER | 00000nas1a2200000 4500 | ||
|---|---|---|---|
| 001 | 0251996 | ||
| 005 | 20251217092023.3 | ||
| 022 | |a 1339-8652 | ||
| 022 | |a 2453-6504 | ||
| 041 | 0 | |a slo | |
| 044 | |a SK | ||
| 245 | 1 | 0 | |a Súkromné právo |b recenzovaný dvojmesačník |
| 264 | 1 | |a Bratislava |b Wolters Kluwer SR | |
| 500 | |a Do r. 2024 vychádzal s podnázvom: recenzovaný časopis zameraný na otázky aplikačnej praxe | ||
| 520 | |a Informácie z oblasti občianského, obchodného, medzinárodného, súkromného, pracovného práva a práva duševného vlastníctva pre právnickú verejnosť, príslušné orgány štátnej správy, akademikov, ako aj pre podnikateľskú verejnosť. | ||
| 610 | 2 | 0 | |a právo súkromné |
| 610 | 2 | 0 | |a predpisy právne |
| 610 | 2 | 0 | |a vymožiteľnosť práva |
| 610 | 2 | 0 | |a normy právne |